000 00900nam a22002417a 4500
999 _c63428
_d63428
005 20240530110640.0
008 171015s2016 ua g 000 0 eng d
017 _a2015/22386
_bمصر. دار الكتب
020 _a9789777353687
040 _aEG-CaGPL
_cEG-CaGPL
082 0 4 _221
_a239.6 /
_bأ ج
100 0 _aاحمد محمد عركز
245 1 0 _aجواهر الرسول ( صلى الله عليه وسلم ) /
_cتاليف احمد محمد عركز
250 _aط. 1
260 _aالاسكندرية :
_bدار الوفاء لدنيا الطباعة و النشر ،
300 _a559 ص. ؛
_c24 سم.
650 0 7 _2qrmak
_aالسيرة النبوية
650 0 7 _2qrmak
_aالاخلاق الاسلامية
650 0 7 _2qrmak
_aاخلاق الرسول
650 0 7 _2qrmak
_aالوعظ والارشاد
942 _2ddc
_cBK